Nghiên cứu phản ứng đồng trùng hợp ghép axit Acrylic lên tinh bột bình tinh và tinh bột sắn dây

Tổng quan. Thực nghiệm. Kết quả và bàn luận

Zapisane w:
Opis bibliograficzny
1. autor: Trần Thị Ngọt
Kolejni autorzy: Trần Mạnh Lực TS (Hướng dẫn)
Format: Książka
Język:Vietnamese
Wydane: Đà Nẵng Đại học Đà Nẵng 2011
Hasła przedmiotowe:
Etykiety: Dodaj etykietę
Nie ma etykietki, Dołącz pierwszą etykiete!
Thư viện lưu trữ: Mạng thư viện Đại học Đà Nẵng
LEADER 01379nam a2200349 4500
001 000010445
003 6650
005 20111214081218.0
008 111214s2011 viesd
041 |a vie 
072 |a Luận văn Thạc sĩ Khoa học 
082 |a 661.86  |b TR-N 
100 |a Trần Thị Ngọt 
245 |a Nghiên cứu phản ứng đồng trùng hợp ghép axit Acrylic lên tinh bột bình tinh và tinh bột sắn dây  |c Trần Thị Ngọt 
260 |a Đà Nẵng  |b Đại học Đà Nẵng  |c 2011 
300 |a 87tr.  |c 29 cm  |e CD. Tóm tắt luận văn 
500 |a Luận văn Thạc sĩ Khoa học. Chuyên ngành: Hóa hữu cơ. Mã số: 60.44.27 
520 |a Tổng quan. Thực nghiệm. Kết quả và bàn luận 
653 |a Hóa học 
653 |a Luận văn Thạc sĩ 
653 |a Tinh bột 
700 |a Trần Mạnh Lực  |c TS  |e Hướng dẫn 
OWN |a LSP 
AVA |a UDN50  |b LSP  |d 661.86 TR-N  |e available  |t Error 5001 Not defined in file expand_doc_bib_avail.  |f 1  |g 0  |h N  |i 0  |k 1 
999 |a From the UDN01 
AVA |a UDN50  |b LSP  |d 661.86 TR-N  |e available  |t Error 5001 Not defined in file expand_doc_bib_avail.  |f 1  |g 0  |h N  |i 0  |k 1 
TYP |a Monograph 
TYP |a Printed language 
980 |a Mạng thư viện Đại học Đà Nẵng